Ordenanza general de construcciones y urbanización

保存先:
書誌詳細
主要な著者: Brieva Alvarado, Amador (著者), Bastías Romo, Lionel (著者)
フォーマット: 図書
言語:スペイン語
出版事項: Santiago Jurídica de Chile 1980
版:3a. ed
シリーズ:Textos Legales, 42
主題:
タグ: タグ追加
タグなし, このレコードへの初めてのタグを付けませんか!

MARC

LEADER 00000nam a2200000 a 4500
001 UCU2512
003 CL-VaPUC
008 960426e19800000CL |||||||||||||||||spa|d
082 0 4 |a 346.83044  |b BRI  |2 21 
100 0 |a Brieva Alvarado, Amador  |e author  |9 358717 
700 0 |a Bastías Romo, Lionel  |e author  |9 358718 
245 1 0 |a Ordenanza general de construcciones y urbanización 
250 |a 3a. ed 
300 |a 242 p 
942 |c BK 
945 |d 19960426 00:00:00  |a cmena 
260 |a Santiago  |b Jurídica de Chile  |c 1980 
650 0 |a Construcción  |9 260195 
650 7 |a TECNOLOGIA DE LA CONSTRUCCION  |2 CL-VaPUC  |9 260196 
650 0 |a Control de calidad   |9 259714 
650 0 |a Urbanización   |9 265706 
650 0 |a Planificación urbana   |9 258176 
650 0 |a Aspectos legales  |9 323328 
583 |a last modification  |c 19960426 00:00:00  |k Rodrigo Vera 
490 0 |a Textos Legales, 42 
999 |c 246786  |d 246784